"... ich kann dich nicht vergessen": Erinnerungen an Buchenwald
| Authors: | ; |
|---|---|
| Format: | Print Book |
| Language: | German |
| Subito Delivery Service: | Order now. |
| Check availability: | HBZ Gateway |
| WorldCat: | WorldCat |
| Interlibrary Loan: | Interlibrary Loan for the Fachinformationsdienste (Specialized Information Services in Germany) |
| Published: |
Göttingen
Wallstein
2007
|
| In: | Year: 2007 |
| Edition: | Lizenzausg. |
| Standardized Subjects / Keyword chains: | B
Konzentrationslager Buchenwald
/ Male youth
/ Poles (People)
/ History 1939-1945
B Konzentrationslager Buchenwald / Male youth / Poles (People) |
| Further subjects: | B
Buchenwald (Concentration camp)
B World War, 1939-1945 Prisoners and prisons, Polish B Kożdoń, Władysław (1922-) B World War, 1939-1945 Personal narratives, Polish B Prisoners of war (Poland) B Prisoners of war (Germany) (Weimar (Thuringia)) B Experience account |
| Online Access: |
Table of Contents |
MARC
| LEADER | 00000cam a2200000 c 4500 | ||
|---|---|---|---|
| 001 | 528269712 | ||
| 003 | DE-627 | ||
| 005 | 20251223213157.0 | ||
| 007 | tu | ||
| 008 | 070503s2007 gw ||||| 00| ||ger c | ||
| 015 | |a 07,N20,2414 |2 dnb | ||
| 015 | |a 07,N20,2414 |2 dnb | ||
| 016 | 7 | |a 983871493 |2 DE-101 | |
| 020 | |a 3835302108 |c Kt. : ca. EUR 14.00, ca. EUR 14.40 (AT), ca. sfr 25.70 |9 3-8353-0210-8 | ||
| 020 | |a 9783835302105 |c Kt. : ca. EUR 14.00, ca. EUR 14.40 (AT), ca. sfr 25.70 |9 978-3-8353-0210-5 | ||
| 024 | 3 | |a 9783835302105 | |
| 035 | |a (DE-627)528269712 | ||
| 035 | |a (DE-576)26633265X | ||
| 035 | |a (DE-599)DNB983871493 | ||
| 035 | |a (OCoLC)237025338 | ||
| 035 | |a (OCoLC)150414765 | ||
| 040 | |a DE-627 |b ger |c DE-627 |e rakwb | ||
| 041 | |a ger | ||
| 044 | |c XA-DE-NI | ||
| 050 | 0 | |a D805.5.B83 | |
| 082 | 0 | |a 940.5318092 |q DE-101 |2 22/ger | |
| 082 | 0 | 4 | |a 943 |
| 084 | |a 7,41 |a 8,1 |2 ssgn | ||
| 084 | |a 1 |2 ssgn | ||
| 084 | |a NQ 2350 |2 rvk |0 (DE-625)rvk/128254: | ||
| 084 | |a 15.43 |2 bkl | ||
| 084 | |a 89.21 |2 bkl | ||
| 100 | 1 | |0 (DE-588)133197670 |0 (DE-627)538271019 |0 (DE-576)276787579 |4 aut |a Kożdoń, Władysław |d 1922- | |
| 109 | |a Kożdoń, Władysław 1922- | ||
| 191 | |a 1 | ||
| 245 | 1 | 5 | |a "... ich kann dich nicht vergessen" |b Erinnerungen an Buchenwald |c Władysław Kożdoń. [Hrsg. von Rohnstock Biografien, bearb. von Stefan Kappner. Im Auftrag der Stiftung Gedenkstätten Buchenwald und Mittelbau-Dora] |
| 250 | |a Lizenzausg. | ||
| 264 | 1 | |a Göttingen |b Wallstein |c 2007 | |
| 300 | |a 126 S. |b Ill. | ||
| 336 | |a Text |b txt |2 rdacontent | ||
| 337 | |a ohne Hilfsmittel zu benutzen |b n |2 rdamedia | ||
| 338 | |a Band |b nc |2 rdacarrier | ||
| 361 | 1 | |a Sammlung Buchenwald der Herzogin Anna Amalia Bibliothek |5 DE-32 |y 853452954 |s F2 K88 |o Sammlung |0 (DE-588)1158507305 |0 (DE-627)1020520876 |0 (DE-576)504002791 | |
| 583 | 1 | |a Archivierung/Langzeitarchivierung gewährleistet |f SLG |x XA-DE-BW |z BfZ |2 pdager |5 DE-24 | |
| 583 | 1 | |a Archivierung/Langzeitarchivierung gewährleistet |f PENI |x XA-DE-NI |2 pdager |5 DE-35 | |
| 600 | 1 | 0 | |a Kożdoń, Władysław |d 1922- |
| 601 | |a Vergessen | ||
| 601 | |a Erinnerung | ||
| 610 | 1 | 0 | |a Buchenwald (Concentration camp) |
| 650 | 0 | |a World War, 1939-1945 |x Personal narratives, Polish | |
| 650 | 0 | |a World War, 1939-1945 |x Prisoners and prisons, Polish | |
| 650 | 0 | |a Prisoners of war |z Poland | |
| 650 | 0 | |a Prisoners of war |z Germany |z Weimar (Thuringia) | |
| 655 | 7 | |a Erlebnisbericht |0 (DE-588)4133254-4 |0 (DE-627)105681490 |0 (DE-576)209642378 |2 gnd-content | |
| 689 | 0 | 0 | |d b |0 (DE-588)2077950-1 |0 (DE-627)103944249 |0 (DE-576)192218530 |2 gnd |a Konzentrationslager Buchenwald |
| 689 | 0 | 1 | |d s |0 (DE-588)4290802-4 |0 (DE-627)104237988 |0 (DE-576)210836806 |2 gnd |a Männliche Jugend |
| 689 | 0 | 2 | |d s |0 (DE-588)4046497-0 |0 (DE-627)106197754 |0 (DE-576)209069880 |2 gnd |a Polen |g Volk |
| 689 | 0 | 3 | |q z |2 gnd |a Geschichte 1939-1945 |
| 689 | 0 | |5 DE-101 | |
| 689 | 1 | 0 | |d b |0 (DE-588)2077950-1 |0 (DE-627)103944249 |0 (DE-576)192218530 |2 gnd |a Konzentrationslager Buchenwald |
| 689 | 1 | 1 | |d s |0 (DE-588)4290802-4 |0 (DE-627)104237988 |0 (DE-576)210836806 |2 gnd |a Männliche Jugend |
| 689 | 1 | 2 | |d s |0 (DE-588)4046497-0 |0 (DE-627)106197754 |0 (DE-576)209069880 |2 gnd |a Polen |g Volk |
| 689 | 1 | |5 (DE-627) | |
| 700 | 1 | |e Bearb. |0 (DE-588)1049610415 |0 (DE-627)782374417 |0 (DE-576)403592860 |4 adp |a Kappner, Stefan |d 1968- | |
| 856 | 4 | 2 | |u http://bvbr.bib-bvb.de:8991/F?func=service&doc_library=BVB01&doc_number=015784947&line_number=0001&func_code=DB_RECORDS&service_type=MEDIA |m V:DE-604 |q application/pdf |v 20090731000000 |3 Inhaltsverzeichnis |7 1 |
| 935 | |a mteo | ||
| 935 | |i Blocktest | ||
| 936 | r | v | |a NQ 2350 |b Konzentrationslager, Euthanasie etc. |k Geschichte |k Geschichte seit 1918 |k Drittes Reich |k Innere Geschichte |k NS-Terror |k Konzentrationslager, Euthanasie etc. |0 (DE-627)1270875485 |0 (DE-625)rvk/128254: |0 (DE-576)200875485 |
| 936 | b | k | |a 15.43 |j Deutsche Geschichte des 19. Jahrhunderts bis zur Gegenwart |0 (DE-627)181569701 |
| 936 | b | k | |a 89.21 |j Faschismus |0 (DE-627)106414607 |
| 951 | |a BO | ||
| ELC | |b 1 | ||
| ITA | |a 1 | ||
| LOK | |0 000 xxxxxcx a22 zn 4500 | ||
| LOK | |0 001 3120677485 | ||
| LOK | |0 003 DE-627 | ||
| LOK | |0 004 528269712 | ||
| LOK | |0 005 20071015154349 | ||
| LOK | |0 008 071015||||||||||||||||ger||||||| | ||
| LOK | |0 040 |a DE-21-31 |c DE-627 |d DE-21-31 | ||
| LOK | |0 541 |e 07/1166 | ||
| LOK | |0 852 |a DE-21-31 | ||
| LOK | |0 852 1 |c Re III 30 |m p |9 00 | ||
| LOK | |0 938 |k p | ||
| LOK | |0 938 |l E15 |8 0 | ||
| LOK | |0 939 |a 15-10-07 |b l01 | ||
| LOK | |0 000 xxxxxcx a22 zn 4500 | ||
| LOK | |0 001 3120677523 | ||
| LOK | |0 003 DE-627 | ||
| LOK | |0 004 528269712 | ||
| LOK | |0 005 20100624123608 | ||
| LOK | |0 008 100624||||||||||||||||ger||||||| | ||
| LOK | |0 040 |a DE-21-106 |c DE-627 |d DE-21-106 | ||
| LOK | |0 541 |e 78/2008 | ||
| LOK | |0 689 |a s |a Konzentrationslager | ||
| LOK | |0 689 |a s |a Erinnerungen | ||
| LOK | |0 689 |a s |a Zweiter Weltkrieg | ||
| LOK | |0 689 |a k |a SS | ||
| LOK | |0 689 |a s |a Zeitzeugen | ||
| LOK | |0 689 |a s |a Nationalsozialismus | ||
| LOK | |0 852 |a DE-21-106 | ||
| LOK | |0 852 1 |c L IX Koz W |m p |9 00 | ||
| LOK | |0 935 |a k106 |a i106 | ||
| LOK | |0 938 |k p | ||
| LOK | |0 939 |a 24-06-10 |b l01 | ||
| ORI | |a SA-MARC-ixtheoa001.raw | ||
| REF | |a Jugend | ||
| REL | |a 1 | ||
| STA | 0 | 0 | |a Male youth,Boy (14-21 years),Male youth,Young adult,Youth,Male youth |
| STB | 0 | 0 | |a Adolescents,Garçon (14-21 ans),Adolescents,Adolescents |
| STC | 0 | 0 | |a Juventud masculina,Juventud masculina,Juventud masculina |
| STD | 0 | 0 | |a Adolescenti maschi,Adolescenti maschi,Adolescenti maschi |
| STE | 0 | 0 | |a 年轻男士,年轻人 |
| STF | 0 | 0 | |a 年輕男士,年輕人 |
| STG | 0 | 0 | |a Juventude masculina,Juventude masculina,Juventude masculina |
| STH | 0 | 0 | |a Юноши (13-17 лет),Юноши (15-20 лет),Юноши |
| STI | 0 | 0 | |a Έφηβοι άνδρες (13-17 ετών),Έφηβοι άνδρες (15-20 ετών),Έφηβοι άνδρες |
| SUB | |a REL | ||
| SYG | 0 | 0 | |a Konzentrationslager Weimar-Buchenwald,KLBu,KZ Buchenwald,Buchenwalder Lager , Junge,Männlicher Jugendlicher , Polen,Polen,Poland , Generalgouvernement Polen,Polska,Rzeczpospolita Polska,Polska Rzeczpospolita Ludowa,Poland,Pologne,République Polonaise,Generalne Gubernatorstwo w Polsce,Polish People's Republic,Polska Rzeczpospolita,PRL,RP,Polen,Polska,Besetzte Polnische Gebiete,Besetztes Gebiet in Polen,Okupowane Polskie Obszary,Obszary Okupowane w Polsce,Volksrepublik Polen,Polska Rosyjska,Republic Polen,Respublika Pol'ša,Pol'skaja Narodnaja Respublika,République de Pologne,Polen Links der Weichsel,Polska po Lewej Stronie Wisły,Lenkija,Polija,Gubernija Carstva Pol'skago,Republik Polen , Konzentrationslager Weimar-Buchenwald,KLBu,KZ Buchenwald,Buchenwalder Lager , Junge,Männlicher Jugendlicher , Polen,Polen,Poland , Generalgouvernement Polen,Polska,Rzeczpospolita Polska,Polska Rzeczpospolita Ludowa,Poland,Pologne,République Polonaise,Generalne Gubernatorstwo w Polsce,Polish People's Republic,Polska Rzeczpospolita,PRL,RP,Polen,Polska,Besetzte Polnische Gebiete,Besetztes Gebiet in Polen,Okupowane Polskie Obszary,Obszary Okupowane w Polsce,Volksrepublik Polen,Polska Rosyjska,Republic Polen,Respublika Pol'ša,Pol'skaja Narodnaja Respublika,République de Pologne,Polen Links der Weichsel,Polska po Lewej Stronie Wisły,Lenkija,Polija,Gubernija Carstva Pol'skago,Republik Polen |
| TIM | |a 100019390101_100019451231 |b Geschichte 1939-1945 | ||



